000 00346nam a22001337a 4500
008 131126b xxu||||| |||| 00| 0 eng d
020 _a0006499163
050 _aPZ3.O1285P6
100 _aO'Brian, Patrick
_93960
245 _aPost Captain
260 _aLondon
_bHarperCollinsPublishers
_c2002
300 _a481p.
_c20cm
942 _2lcc
_cMONOGRAPH
999 _c118716
_d118716